<?xml version="1.0" encoding="UTF-8"?>
<record
    xmlns:xsi="http://www.w3.org/2001/XMLSchema-instance"
    xsi:schemaLocation="http://www.loc.gov/MARC21/slim http://www.loc.gov/standards/marcxml/schema/MARC21slim.xsd"
    xmlns="http://www.loc.gov/MARC21/slim">

  <leader>01011nam a2200193 i 4500</leader>
  <controlfield tag="001">187941</controlfield>
  <controlfield tag="003">ES-MaACL</controlfield>
  <controlfield tag="005">20250727190230.0</controlfield>
  <controlfield tag="008">180328s1927    sp           |||| | spa d</controlfield>
  <datafield tag="100" ind1="0" ind2=" ">
    <subfield code="a">P&#xE9;rez del Pulgar, Jos&#xE9; Agust&#xED;n.</subfield>
    <subfield code="9">90820</subfield>
  </datafield>
  <datafield tag="245" ind1="1" ind2="3">
    <subfield code="a">La cooperaci&#xF3;n de la t&#xE9;cnica alemana en la explotaci&#xF3;n de los carbones espa&#xF1;oles de escasa potencia calor&#xED;fica por combusti&#xF3;n directa </subfield>
    <subfield code="b">: conferencia pronunciada el d&#xED;a 12 de enero de 1927 / </subfield>
    <subfield code="c">por J. A. P&#xE9;rez del Pulgar.</subfield>
  </datafield>
  <datafield tag="260" ind1=" " ind2=" ">
    <subfield code="a">Madrid : </subfield>
    <subfield code="b">[s.n.], </subfield>
    <subfield code="c">1927 (</subfield>
    <subfield code="f">Blass)</subfield>
  </datafield>
  <datafield tag="300" ind1=" " ind2=" ">
    <subfield code="a">34 p. ; </subfield>
    <subfield code="c">23 cm.</subfield>
  </datafield>
  <datafield tag="490" ind1="1" ind2=" ">
    <subfield code="a">Conferencias dadas en el Centro de intercambio intelectual germano-espa&#xF1;ol. Segunda serie ; </subfield>
    <subfield code="v">3</subfield>
  </datafield>
  <datafield tag="650" ind1=" " ind2="4">
    <subfield code="a">Industria del carb&#xF3;n-</subfield>
    <subfield code="z">Espa&#xF1;a.</subfield>
    <subfield code="9">156099</subfield>
  </datafield>
  <datafield tag="830" ind1="0" ind2="0">
    <subfield code="a">Conferencias dadas en el Centro de Intercambio Intelectual Germano-Espa&#xF1;ol. </subfield>
    <subfield code="p">Segunda serie</subfield>
    <subfield code="v">3</subfield>
    <subfield code="9">192934</subfield>
  </datafield>
  <datafield tag="852" ind1=" " ind2=" ">
    <subfield code="a">ES-MaACL</subfield>
    <subfield code="j">C-8111(34) </subfield>
    <subfield code="z">.- Donat. del Centro de Intercambio Intelectual Germano-Espa&#xF1;ol (Madrid)</subfield>
  </datafield>
  <datafield tag="999" ind1=" " ind2=" ">
    <subfield code="c">187941</subfield>
    <subfield code="d">187941</subfield>
  </datafield>
  <datafield tag="952" ind1=" " ind2=" ">
    <subfield code="0">0</subfield>
    <subfield code="1">0</subfield>
    <subfield code="4">0</subfield>
    <subfield code="7">0</subfield>
    <subfield code="a">ATENEOM</subfield>
    <subfield code="b">ATENEOM</subfield>
    <subfield code="c">SPAL</subfield>
    <subfield code="d">2018-03-28</subfield>
    <subfield code="e">SC</subfield>
    <subfield code="l">0</subfield>
    <subfield code="o">C-8111(34)</subfield>
    <subfield code="p">1198593</subfield>
    <subfield code="r">2023-02-23 00:00:00</subfield>
    <subfield code="w">2023-02-23</subfield>
    <subfield code="y">MONOGRAFIA</subfield>
  </datafield>
</record>
